[Event "Hohenloher op 10th"]
[Site "Forchtenberg"]
[Date "2003.06.21"]
[Round "5"]
[White "Kabisch, Thilo"]
[Black "Eisele, Michael"]
[Result "1-0"]
[WhiteElo "2323"]
[BlackElo "2131"]
[PlyCount "142"]
[EventDate "2003.06.19"]
[EventType "swiss"]
[EventRounds "7"]
[EventCountry "GER"]
[SourceTitle "EXT 2004"]
[Source "ChessBase"]
[SourceDate "2003.11.25"]
[SourceVersion "1"]
[SourceVersionDate "2003.11.25"]
[SourceQuality "1"]

1. e4 c5 2. Nf3 e6 3. d4 cxd4 4. Nxd4 a6 5. c4 Nf6 6. Nc3 Qc7 7. Be2 d6 8. 0-0 Be7 9. Qd2 b6 10. b3 Bb7 11. f3 0-0 12. Bb2 Nc6 13. Nc2 Rfd8 14. Kh1 Rac8 15. Ne3 Ne5 16. Rac1 Qb8 17. f4 Ng6 18. Ng4 Qa8 19. Qd4 e5 20. Nxf6+ Bxf6 21. Qxb6 Nxf4 22. Qe3 Bg5 23. Rcd1 f5 24. Bf3 Ne6 25. Qf2 fxe4 26. Bg4 Nd4 27. Bxc8 Rxc8 28. Qf7+ Kh8 29. Nd5 e3 30. Rde1 e2 31. Rf2 Bxd5 32. cxd5 Bd2 33. Rexe2 Nxe2 34. g3 Nxg3+ 35. hxg3 Bh6 36. Ba3 e4 37. Bxd6 e3 38. Re2 Re8 39. Bf4 Bxf4 40. gxf4 Rf8 41. Qe6 Re8 42. Qc6 Qd8 43. Kg2 h6 44. Kf3 Qe7 45. Qg6 Qd7 46. Qh5 Qe7 47. d6 Qe4+ 48. Kg3 Re6 49. f5 Rxd6 50. Qg4 Qxg4+ 51. Kxg4 Rd2 52. Kf3 Rd5 53. Ke4 Rd2 54. Kxe3 Rd1 55. Kf4 Kg8 56. Re7 Kf8 57. Ra7 Kg8 58. a4 Rd3 59. Rb7 Kf8 60. a5 Kg8 61. b4 Rd4+ 62. Ke5 Rc4 63. Rb8+ Kf7 64. Rb7+ Kg8 65. f6 gxf6+ 66. Kxf6 Rg4 67. b5 axb5 68. a6 Rf4+ 69. Kg6 Rg4+ 70. Kxh6 Rd4 71. a7 Kf8 1-0

[Event "Hohenloher op 10th"]
[Site "Forchtenberg"]
[Date "2003.06.19"]
[Round "1"]
[White "Eisele, Michael"]
[Black "Werthebach, Felix"]
[Result "1-0"]
[WhiteElo "2131"]
[BlackElo "1673"]
[PlyCount "75"]
[EventDate "2003.06.19"]
[EventType "swiss"]
[EventRounds "7"]
[EventCountry "GER"]
[SourceTitle "EXT 2004"]
[Source "ChessBase"]
[SourceDate "2003.11.25"]
[SourceVersion "1"]
[SourceVersionDate "2003.11.25"]
[SourceQuality "1"]

1. e4 c5 2. d4 cxd4 3. c3 d6 4. cxd4 Nf6 5. Nc3 e6 6. Nf3 d5 7. e5 Nfd7 8. Bd3 Be7 9. 0-0 a6 10. Be3 Nc6 11. Rc1 Nb6 12. Nd2 h5 13. f4 g6 14. g3 Bd7 15. a3 Rc8 16. b4 Na7 17. Qe2 Na4 18. Ndb1 Nxc3 19. Nxc3 b5 20. Nb1 0-0 21. h3 Kg7 22. Rxc8 Qxc8 23. Rc1 Qb8 24. Nd2 Rc8 25. Nb3 Rxc1+ 26. Bxc1 Qc7 27. Bb2 Nc8 28. Nc5 Qc6 29. g4 hxg4 30. hxg4 Nb6 31. Bc1 Nc4 32. Qh2 Bc8 33. f5 Kg8 34. fxg6 fxg6 35. Bxg6 Bh4 36. Qxh4 Qc7 37. Qf6 Nb6 38. Bh6 1-0

[Event "Hohenloher op 10th"]
[Site "Forchtenberg"]
[Date "2003.06.19"]
[Round "2"]
[White "Ksieski, Zbigniew"]
[Black "Eisele, Michael"]
[Result "1-0"]
[WhiteElo "2403"]
[BlackElo "2131"]
[PlyCount "61"]
[EventDate "2003.06.19"]
[EventType "swiss"]
[EventRounds "7"]
[EventCountry "GER"]
[SourceTitle "EXT 2004"]
[Source "ChessBase"]
[SourceDate "2003.11.25"]
[SourceVersion "1"]
[SourceVersionDate "2003.11.25"]
[SourceQuality "1"]

1. Nf3 g6 2. d4 Nf6 3. b3 Bg7 4. Bb2 0-0 5. g3 d6 6. Bg2 Nbd7 7. 0-0 c5 8. c4 a6 9. Nc3 Rb8 10. a4 b6 11. Qc2 e6 12. Rad1 Qc7 13. Rd2 Bb7 14. d5 exd5 15. cxd5 Rfe8 16. h3 Ba8 17. e4 b5 18. axb5 axb5 19. Re1 c4 20. b4 Qb6 21. Rde2 Rbd8 22. Kh2 Bb7 23. Bc1 Ra8 24. Be3 Qa6 25. Nd4 Ne5 26. Ndxb5 Nd3 27. Rb1 Re7 28. Nd4 Rae8 29. Nc6 Bxc6 30. dxc6 Qa3 31. Nb5 1-0

[Event "Crailsheim op 4th"]
[Site "Crailsheim"]
[Date "1998.??.??"]
[Round "?"]
[White "Schnepp, Gunnar"]
[Black "Eisele, Michael"]
[Result "0-1"]
[WhiteElo "2265"]
[BlackElo "1970"]
[PlyCount "66"]
[EventDate "1998.05.??"]
[EventType "swiss"]
[EventRounds "7"]
[EventCountry "GER"]
[SourceTitle "EXT 2006"]
[Source "ChessBase"]
[SourceDate "2005.11.24"]
[SourceVersion "1"]
[SourceVersionDate "2005.11.24"]
[SourceQuality "1"]

1. d4 Nf6 2. c4 g6 3. Nc3 Bg7 4. e4 d6 5. Nf3 0-0 6. Be2 e5 7. 0-0 Nc6 8. d5 Ne7 9. Nd2 a5 10. Rb1 Nd7 11. a3 f5 12. b4 Kh8 13. Qc2 Ng8 14. f3 Bh6 15. c5 axb4 16. axb4 Be3+ 17. Kh1 dxc5 18. Nb3 cxb4 19. Bxe3 bxc3 20. Nc5 Nxc5 21. Bxc5 Rf6 22. f4 fxe4 23. fxe5 Rxf1+ 24. Rxf1 Qxd5 25. Qxc3 Be6 26. h3 Re8 27. Rf7 Nh6 28. Rxc7 Nf5 29. Kh2 Ra8 30. Bd6 Qa5 31. Qc1 Nxd6 32. exd6 Qe5+ 33. Kh1 Ra1 0-1